AIDS. The deadly epidemic

Guardado en:  
Detalles Bibliográficos
Autores principales: Hancock, Graham 1950- (Autor) ; Carim, Enver (Autor)
Tipo de documento: Print Libro
Lenguaje:Inglés
Publicado: London Gollancz 1986
En:Año: 1986
Edición:1. publ.
Disponibilidad en Tübingen:Disponible en Tübingen.
UB: KB 18 A 1167
Verificar disponibilidad: HBZ Gateway
Servicio de pedido Subito: Pedir ahora.
Palabras clave:

MARC

LEADER 00000cam a2200000 c 4500
001 192718886
003 DE-627
005 20251222204234.0
007 tu
008 960210s1986 xxk||||| 00| ||eng c
020 |a 0575038373  |9 0-575-03837-3 
020 |a 0575038365  |9 0-575-03836-5 
035 |a (DE-627)192718886 
035 |a (DE-576)021071020 
035 |a (DE-599)GBV192718886 
035 |a (OCoLC)832614419 
035 |a (OCoLC)15550362 
040 |a DE-627  |b ger  |c DE-627  |e rakwb 
041 |a eng 
044 |c XA-GB 
082 0 |a 362.1/969792 
100 1 |a Hancock, Graham  |d 1950-  |0 (DE-588)11819528X  |0 (DE-627)079298923  |0 (DE-576)166038318  |4 aut 
109 |a Hancock, Graham 1950- 
245 1 0 |a AIDS. The deadly epidemic  |c Graham Hancock, Enver Carim 
250 |a 1. publ. 
264 1 |a London  |b Gollancz  |c 1986 
300 |a 191 S 
336 |a Text  |b txt  |2 rdacontent 
337 |a ohne Hilfsmittel zu benutzen  |b n  |2 rdamedia 
338 |a Band  |b nc  |2 rdacarrier 
583 1 |a Archivierung prüfen  |c 20200919  |f DE-640  |z 2  |2 pdager 
700 1 |a Carim, Enver  |4 aut 
935 |i Blocktest 
951 |a BO 
ELC |b 1 
LOK |0 000 xxxxxcx a22 zn 4500 
LOK |0 001 3341124845 
LOK |0 003 DE-627 
LOK |0 004 192718886 
LOK |0 005 19900720000000 
LOK |0 008 900720||||||||||||||||ger||||||| 
LOK |0 040   |a DE-21  |c DE-627  |d DE-21 
LOK |0 852   |a DE-21 
LOK |0 852 1  |c KB 18 A 1167  |9 00 
LOK |0 935   |a krim 
LOK |0 936ln  |a k1 
LOK |0 939   |a 20-07-90  |b l01 
LOK |0 000 xxxxxcx a22 zn 4500 
LOK |0 001 3341124861 
LOK |0 003 DE-627 
LOK |0 004 192718886 
LOK |0 005 20180518122326 
LOK |0 008 180518||||||||||||||||ger||||||| 
LOK |0 040   |a DE-21-110  |c DE-627  |d DE-21-110 
LOK |0 689   |a s  |a Aids 
LOK |0 852   |z Kein Bestand am IfK; Nachweis für KrimDok 
LOK |0 852   |a DE-21-110 
LOK |0 852 1  |m v  |9 00 
LOK |0 938   |k v 
LOK |0 939   |a 18-05-18  |b l01 
ORI |a SA-MARC-krimdoka001.raw 
SIG |a UB: KB 18 A 1167